Why is liberal peacebuilding so difficult?: some lessons from Central America /
Uloženo v:
| Hlavní autor: | |
|---|---|
| Médium: | Text |
| Tagy: |
Přidat tag
Žádné tagy, Buďte první, kdo vytvoří štítek k tomuto záznamu!
|
MARC
| LEADER | 00000 a a2200000 04500 | ||
|---|---|---|---|
| 001 | 43822 | ||
| 003 | |||
| 040 | |||
| 100 | |a Kurtenbach, Sabine | ||
| 245 | |a Why is liberal peacebuilding so difficult?: |b some lessons from Central America / |c Sabine Kurtenbach | ||
| 773 | |g número88 ( , 2010), páginas 95-110 | ||
| 999 | |c 29102 |d 29102 | ||
